000 00754nam a22002177a 4500
003 OSt
005 20250605150337.0
008 250605b |||||||| |||| 00| 0 sp d
040 _acunsuroc
_besp
_canacap
082 _27a. ed.
_a330.1 S192:7
100 _aSamuelson, Paul Anthony,
_d1915
_912875
245 _aCurso de economía moderna;
_buna descripción
_cSamuelson, Paul Anthony,
_hfísico7a. ed.
250 _a7a. ed.
260 _aMadrid, España:
_bAguilar,
_c1959
300 _axviii, 760p. ;
_c22cm,
365 _b1
_d8.50
_jes
490 _aBiblioteca de Ciencias Sociales. Sección Primera:Economía
650 _2Economía
700 _aSampedro, José Luis, tr.
_912876
942 _2ddc
_cBK
_e7a. ed.
_h330.1 S192:7
_n0
999 _c5337
_d5337